00311nam a2200121Ia 4500008004100000020001800041100002100059245004800080250000600128260001700134942002300151999001500174200302s9999 xx 000 0 und d a9788184484397 aDevendra K Gupta 0aPediatric Surgery (Diagnosis and management a4 bJaypeec2009 cBKg652p76192yBK c6081d6079